| 000 | 00823nam a22002297a 4500 | ||
|---|---|---|---|
| 005 | 20180322141107.0 | ||
| 010 | _a1718EN-30 ENG-121784 | ||
| 020 |
_a9788170949602 _c295.00 |
||
| 035 | _aEN-105316 | ||
| 035 | _aB-683269-290 | ||
| 037 |
_bBSB _adpl |
||
| 037 | _bDBAD/PUB | ||
| 082 | _a510 | ||
| 100 | _aShanbhag, A.N. | ||
| 245 |
_aIn the wonderland of mathematics / _cby A.N. Shanbhag [and] Sandeep Shanbhag |
||
| 260 |
_aNew Delhi _bVision Books _c2016 |
||
| 270 |
_a24 Feroze Gandhi Road, Lajpat Nagar-III, _bNew Delhi _e110024 |
||
| 300 |
_a200p. _c23cm(pbk) |
||
| 700 | _aShanbhag, Sandeep | ||
| 942 |
_2ddc _cEN _mSHA _h510 |
||
| 999 |
_c145869 _d145869 |
||